| 000 | 00395nam a2200157Ia 4500 | ||
|---|---|---|---|
| 100 | _aDocherty/Mike O | ||
| 650 | _aObject oriented | ||
| 942 | _cBK | ||
| 366 | _f25 | ||
| 654 | _aobject oriented analysis | ||
| 245 | _aObject oriented analysis and design:Understanding system development with UML 2.0 | ||
| 260 |
_bWiley _c2009 |
||
| 082 |
_a5.11 _bDOC |
||
| 300 | _a559 | ||
| 546 | _aENGLISH | ||
| 999 |
_c32878 _d32878 |
||